logo

Bir Sreshtho Munshi Abdur Rouf Library
Jhenaidah Cadet College

Man and Society : (Record no. 4533)

MARC details
000 -LEADER
fixed length control field 00642nam a2200229 a 4500
001 - CONTROL NUMBER
JCCL Control Number 4533
003 - CONTROL NUMBER IDENTIFIER
JCCL marc code BD-JhCC
005 - DATE AND TIME OF LATEST TRANSACTION
control field 20171128122936.0
008 - FIXED-LENGTH DATA ELEMENTS--GENERAL INFORMATION
fixed length control field 171128r19401960enk |||| b||| 001 0 eng d
035 ## - SYSTEM CONTROL NUMBER
system control number (BD-JhCC)4533
040 ## - CATALOGING SOURCE
Original cataloging agency BD-JhCC
Modifying agency BD-JhCC
041 ## - LANGUAGE CODE
Language code of Book eng
082 ## - DEWEY DECIMAL CLASSIFICATION NUMBER
Classification number 301
Author mark and Year MAN 1960
100 ## - MAIN ENTRY--PERSONAL NAME
Personal name Mannheim, Karl
245 ## - TITLE STATEMENT
Title Man and Society :
Remainder of title In age of Reconstruction /
Statement of responsibility, etc Karl Mannheim.
260 ## - PUBLICATION, DISTRIBUTION, ETC. (IMPRINT)
Place of publication, distribution, etc London :
Name of publisher, distributor, etc Routledge & Kegan Paul Ltd.,
Date of publication, distribution, etc 1940 [Reprinted 1960]
300 ## - PHYSICAL DESCRIPTION
Pagination xix, 469 p. :
Dimensions 18 cm.
504 ## - BIBLIOGRAPHY, ETC. NOTE
Bibliography, etc Includes Bibliographical Reference and Index.
650 ## - SUBJECT ADDED ENTRY--TOPICAL TERM
Topical term or geographic name as entry element Society
942 ## - ADDED ENTRY ELEMENTS (KOHA)
Source of classification or shelving scheme Dewey Decimal Classification
Koha item type Books
Holdings
Source of classification or shelving scheme Damaged status Not for loan Home library Current library Shelving location Date of accession Total Checkouts Full call number Barcode Date last seen Copy number Koha item type
Dewey Decimal Classification     JCC Rouf Library JCC Rouf Library General Stacks 11/28/2017   301 MAN 1960 6358 11/28/2017 C-1 Books

JCC Library | Contacts | JCC Home

Last Update on 23 September 2017
Copyright @ 2017-2020 JCC Rouf Library
Rouf Library, Jhenidah Cadet College (JCC), Bangladesh